Regeneration theories tested in Plymouth (Record no. 60604)

MARC details
000 -LEADER
fixed length control field 00857cam a2200217 4500
001 - CONTROL NUMBER
control field WB3543-42
008 - FIXED-LENGTH DATA ELEMENTS--GENERAL INFORMATION
fixed length control field 000000n1999 000 0 eng u
035 ## - SYSTEM CONTROL NUMBER
System control number (Sirsi) u101471
245 ## - TITLE STATEMENT
Title Regeneration theories tested in Plymouth
260 ## - PUBLICATION, DISTRIBUTION, ETC.
Date of publication, distribution, etc. 1999
490 ## - SERIES STATEMENT
Series statement Financial Times
Volume/sequential designation 4 November 1999, 8(1)
520 ## - SUMMARY, ETC.
Summary, etc. A public and private sector partnership, 2020 Partnership, has launched plans for the regeneration of Plymouth which will act as a testbed for the government's regeneration policies. It seeks to act on a wide range of deprivation concerns through collaboration between agencies and improved customer satisfaction.
590 ## - LOCAL NOTE (RLIN)
Local note WB
650 ## - SUBJECT ADDED ENTRY--TOPICAL TERM
Topical term or geographic name entry element REGENERATION
650 ## - SUBJECT ADDED ENTRY--TOPICAL TERM
Topical term or geographic name entry element TOWN CENTRE REGENERATION
650 ## - SUBJECT ADDED ENTRY--TOPICAL TERM
Topical term or geographic name entry element PLYMOUTH
650 ## - SUBJECT ADDED ENTRY--TOPICAL TERM
Topical term or geographic name entry element CITY 2020
650 ## - SUBJECT ADDED ENTRY--TOPICAL TERM
Topical term or geographic name entry element PUBLIC PRIVATE PARTNERSHIPS
690 ## - LOCAL SUBJECT ADDED ENTRY--TOPICAL TERM (OCLC, RLIN)
Topical term or geographic name as entry element URBAN RENEWAL
942 ## - ADDED ENTRY ELEMENTS (KOHA)
Suppress in OPAC 0
Holdings
Withdrawn status Lost status Source of classification or shelving scheme Damaged status Not for loan Home library Current library Shelving location Date acquired Total Checkouts Full call number Barcode Date last seen Copy number Price effective from Koha item type
    Dewey Decimal Classification     London London News article 04/11/1999   WB3543-42 101471-1001 06/08/2019 1 06/08/2019 News article